000
00298nam a22001217a 4500
020
_a
9788184873344
082
_a
664.02
_b
CHA/FU
100
_a
Chakraborty,Subir.K
_9
362
245
_a
Fundamantal Food Engineering
260
_a
New Delhi
_b
Narosa Publishing House
_c
2014
300
_a
268
942
_c
BK
999
_c
14271
_d
14271